00334nam a22001337a 4500003000400000020001800004082001400022100001800036245005700054250000900111260005200120300001000172650001800182SGT a9789389396362 a611bC20G a Krishna Garg aHuman Anatomy of Dental Student: For Dental Students a4TH  aNEW DELHI bCBS Publishers & Distributorsc2020 a1-740 aHuman Anatomy